| Tag |
First Indicator |
Second Indicator |
Subfields |
| LEADER |
00000cam a22000004a 4500 |
| 001 |
in00002782031 |
| 005 |
20150922103515.0 |
| 008 |
111001s2011 paua 000 0 eng d |
| 020 |
|
|
|a 9781462889884
|
| 020 |
|
|
|a 1462889883
|
| 035 |
|
|
|a (OCoLC)ocn755708295
|
| 035 |
|
|
|a (OCoLC)755708295
|
| 040 |
|
|
|a BTCTA
|b eng
|c BTCTA
|d NDD
|d TXA
|d UtOrBLW
|
| 049 |
|
|
|a TXAM
|
| 050 |
|
4 |
|a BF311
|b .T746 2011
|
| 100 |
1 |
|
|a Treon, Martin,
|d 1937-
|
| 245 |
1 |
0 |
|a Enlightenment dialogues :
|b a journey of post-metaphysical onliness awakening /
|c Martin Treon.
|
| 264 |
|
1 |
|a Philadelphia, Penn. :
|b XLibris Corporation ;
|a Goodyear, Ariz. :
|b Auroral Skies Press,
|c 2011.
|
| 300 |
|
|
|a 129 pages :
|b illustrations ;
|c 23 cm.
|
| 336 |
|
|
|a text
|b txt
|2 rdacontent
|
| 337 |
|
|
|a unmediated
|b n
|2 rdamedia
|
| 338 |
|
|
|a volume
|b nc
|2 rdacarrier
|
| 650 |
|
0 |
|a Consciousness.
|
| 630 |
0 |
0 |
|a Yi jing.
|
| 650 |
|
0 |
|a Enlightenment (Buddhism)
|
| 994 |
|
|
|a C0
|b TXA
|
| 948 |
|
|
|a cataloged
|b h
|c 2012/7/2
|d c
|e agaffey
|f 4:52:15 pm
|
| 999 |
|
|
|a MARS
|
| 999 |
f |
f |
|s 93269292-e0d3-3aa5-929f-0ff6a86f7b45
|i f088a188-9a1d-3340-8013-504d5be051ba
|t 0
|
| 952 |
f |
f |
|p ric
|a Texas A&M University
|b Rellis Campus
|c Joint Library Facility
|d Remote Storage
|t 0
|e BF311 .T746 2011
|h Library of Congress classification
|i unmediated -- volume
|m A14841437580
|
| 998 |
f |
f |
|a BF311 .T746 2011
|t 0
|l Remote Storage
|